[Event "Madrid Oliver Gonzalez Memorial-B 3rd"]
[Site "Madrid"]
[Date "2012.09.03"]
[Round "3"]
[White "Sierra Soria, Maria"]
[Black "Tirado Parra, Alberto"]
[Result "1-0"]
[WhiteElo "1795"]
[BlackElo "1910"]
[PlyCount "73"]
[EventDate "2012.09.01"]
[EventType "swiss"]
[EventRounds "9"]
[EventCountry "ESP"]
[SourceTitle "CBM 150 Extra"]
[Source "ChessBase"]
[SourceDate "2012.10.19"]
[SourceVersion "1"]
[SourceVersionDate "2012.10.19"]
[SourceQuality "1"]

1. e4 d5 2. exd5 Qxd5 3. Nc3 Qa5 4. d4 c6 5. Nf3 Nf6 6. Bc4 Bf5 7. 0-0 e6 8. Bf4 Nbd7 9. h3 h6 10. Bd3 Bxd3 11. Qxd3 Be7 12. Rfe1 0-0 13. Nd1 Rad8 14. a3 b5 15. Ne3 Nd5 16. Bh2 Qb6 17. c3 a5 18. Ng4 c5 19. Nge5 N7f6 20. Rad1 c4 21. Qe2 Qa6 22. Nd2 Bxa3 23. Rb1 Bxb2 24. Rxb2 Nxc3 25. Qf3 Na4 26. Ra2 c3 27. Nb3 Nd5 28. Rc1 Ra8 29. Bg3 Qb6 30. Nd7 Qc6 31. Nxf8 Kxf8 32. Be5 Qc4 33. Ra3 Ndb6 34. Nc5 Qb4 35. Rb3 Qc4 36. Nxa4 Qxa4 37. Rbxc3 1-0

[Event "Tres Cantos op 4th"]
[Site "Tres Cantos"]
[Date "2012.06.28"]
[Round "8"]
[White "Rodrigo Yanguas, Maria"]
[Black "Sierra Soria, Maria"]
[Result "1-0"]
[WhiteElo "2198"]
[BlackElo "1768"]
[PlyCount "93"]
[EventDate "2012.06.21"]
[EventType "swiss"]
[EventRounds "9"]
[EventCountry "ESP"]
[SourceTitle "CBM 149 Extra"]
[Source "ChessBase"]
[SourceDate "2012.08.24"]
[SourceVersion "1"]
[SourceVersionDate "2012.08.24"]
[SourceQuality "1"]

1. e4 e5 2. Bc4 Nf6 3. d3 Be7 4. Nc3 d6 5. Bg5 Be6 6. Bb3 Nbd7 7. Nge2 Nc5 8. 0-0 Bxb3 9. axb3 Ne6 10. Bd2 d5 11. exd5 Nxd5 12. Nxd5 Qxd5 13. Nc3 Qd7 14. Qf3 c6 15. Qg3 Bf6 16. Rfe1 0-0 17. Ne4 Qe7 18. Nxf6+ Qxf6 19. Rxe5 Rfe8 20. Bc3 Qh6 21. Rae1 Rad8 22. h3 Qg6 23. Qe3 b6 24. f4 Qh6 25. Qe4 Kf8 26. f5 Nc7 27. f6 gxf6 28. Qxc6 Rxe5 29. Bxe5 Ne6 30. Bc3 Qg5 31. Qf3 Nd4 32. Qe4 Qc5 33. Bxd4 Qxd4+ 34. Qxd4 Rxd4 35. Ra1 a5 36. Ra4 Rd5 37. Rf4 Kg7 38. Kf2 Kg6 39. Ke3 h5 40. d4 Rg5 41. g4 Rb5 42. Ke4 a4 43. d5 axb3 44. c4 Rc5 45. Kd4 hxg4 46. hxg4 Rc8 47. d6 1-0

[Event "Tres Cantos op 4th"]
[Site "Tres Cantos"]
[Date "2012.06.26"]
[Round "6"]
[White "Perez Vazquez, Victor Manuel"]
[Black "Sierra Soria, Maria"]
[Result "0-1"]
[WhiteElo "1734"]
[BlackElo "1768"]
[PlyCount "50"]
[EventDate "2012.06.21"]
[EventType "swiss"]
[EventRounds "9"]
[EventCountry "ESP"]
[SourceTitle "CBM 149 Extra"]
[Source "ChessBase"]
[SourceDate "2012.08.24"]
[SourceVersion "1"]
[SourceVersionDate "2012.08.24"]
[SourceQuality "1"]

1. d4 d5 2. c4 dxc4 3. Nf3 e6 4. e3 c5 5. Bxc4 a6 6. 0-0 Nf6 7. a4 Nc6 8. Qe2 cxd4 9. Rd1 Be7 10. exd4 Nd5 11. Nc3 0-0 12. Bb3 Qd6 13. Ne4 Qc7 14. Bc2 h6 15. Nc3 Ncb4 16. Bb1 Nf6 17. Ne5 Nbd5 18. Rd3 b6 19. Rg3 Kh8 20. Rh3 Bb7 21. Bxh6 gxh6 22. Rxh6+ Kg7 23. Rh3 Rh8 24. Rg3+ Kf8 25. Bg6 Nf4 0-1

[Event "Madrid San Viator op 18th"]
[Site "Madrid"]
[Date "2012.05.13"]
[Round "6"]
[White "Sierra Soria, Maria"]
[Black "Cabanas Bravo, Juan Andres"]
[Result "0-1"]
[WhiteElo "1766"]
[BlackElo "2092"]
[PlyCount "48"]
[EventDate "2012.03.25"]
[EventType "swiss"]
[EventRounds "9"]
[EventCountry "ESP"]
[SourceTitle "EXT 2013"]
[Source "ChessBase"]
[SourceDate "2012.11.22"]
[SourceVersion "1"]
[SourceVersionDate "2012.11.22"]
[SourceQuality "1"]

1. e4 e5 2. Nf3 Nc6 3. Bb5 Qf6 4. Nc3 Bc5 5. d3 Nd4 6. Nxd4 Bxd4 7. Be3 Bxe3 8. fxe3 c6 9. Bc4 Qh4+ 10. g3 Qh6 11. Qe2 Nf6 12. 0-0-0 d5 13. exd5 Bg4 14. Qf2 Bxd1 15. Rxd1 0-0 16. dxc6 bxc6 17. Re1 Qh3 18. Rf1 Ng4 19. Qe2 Nxe3 20. Bxf7+ Kh8 21. Rf3 Ng4 22. Bb3 Nxh2 23. Rxf8+ Rxf8 24. Ne4 Qh6+ 0-1

[Event "Madrid Oliver Gonzalez Memorial 2nd"]
[Site "Madrid"]
[Date "2011.10.09"]
[Round "2"]
[White "Camarero Izquierdo, Juan Carlos"]
[Black "Sierra Soria, Maria"]
[Result "0-1"]
[WhiteElo "1933"]
[BlackElo "1782"]
[PlyCount "124"]
[EventDate "2011.10.08"]
[EventType "swiss"]
[EventRounds "9"]
[EventCountry "ESP"]
[SourceTitle "CBM 144 Extra"]
[Source "ChessBase"]
[SourceDate "2011.10.28"]
[SourceVersion "1"]
[SourceVersionDate "2011.10.28"]
[SourceQuality "1"]

1. d4 f5 2. Nc3 Nf6 3. Bg5 d5 4. Bxf6 exf6 5. Qd3 c6 6. 0-0-0 Be6 7. f3 Na6 8. e4 dxe4 9. fxe4 Qd7 10. d5 Bf7 11. dxc6 Qxc6 12. exf5 Be7 13. Qe3 Nc7 14. Nf3 Qc5 15. Qxc5 Bxc5 16. Re1+ Kd7 17. Ne4 Be7 18. Rd1+ Kc6 19. Nd4+ Kb6 20. g4 Nd5 21. Ne6 Bxe6 22. fxe6 Rad8 23. Rd3 Nf4 24. Rb3+ Kc7 25. Rc3+ Kb6 26. Bc4 Rd4 27. Ng3 Bb4 28. Bb3 Bxc3 29. bxc3 Rd6 30. Re1 Re8 31. e7 Ng6 32. Nf5 Rd7 33. Bf7 Rdxe7 34. Nxe7 Rxe7 35. Rxe7 Nxe7 36. Kd2 Kc5 37. Kd3 Nc6 38. Ke4 Ne5 39. Be6 Kd6 40. Bc8 Kc7 41. Be6 Kd6 42. Bg8 Nxg4 43. h4 f5+ 44. Kf4 Nf6 45. Bc4 g6 46. Kg5 Ke7 47. Kh6 Ne4 48. Kxh7 Kf6 49. Bd5 b6 50. a4 Nxc3 51. Bc6 Ne4 52. Kg8 Nd6 53. Kf8 f4 54. c3 Nf5 55. Ke8 Nxh4 56. Kd7 f3 57. Kc7 f2 58. Bb5 Nf5 59. Kb7 Nd6+ 60. Kxa7 Nxb5+ 61. axb5 f1Q 62. Kxb6 Qc4 0-1

[Event "Madrid Oliver Gonzalez Memorial 2nd"]
[Site "Madrid"]
[Date "2011.10.08"]
[Round "1"]
[White "Sierra Soria, Maria"]
[Black "Davicce Canada, Juan Antonio"]
[Result "0-1"]
[WhiteElo "1782"]
[BlackElo "2088"]
[PlyCount "34"]
[EventDate "2011.10.08"]
[EventType "swiss"]
[EventRounds "9"]
[EventCountry "ESP"]
[SourceTitle "CBM 144 Extra"]
[Source "ChessBase"]
[SourceDate "2011.10.28"]
[SourceVersion "1"]
[SourceVersionDate "2011.10.28"]
[SourceQuality "1"]

1. e4 c6 2. d4 d5 3. e5 Bf5 4. Nf3 e6 5. Be2 c5 6. 0-0 Nc6 7. Nc3 Bg4 8. Be3 Nge7 9. Nb5 Nf5 10. c3 Bxf3 11. Bxf3 Qb6 12. Qa4 a6 13. c4 dxc4 14. Na3 cxd4 15. Bd2 Bxa3 16. Qxa3 Nxe5 17. Rfe1 Nxf3+ 0-1

[Event "Madrid Oliver Gonzalez Memorial 1st"]
[Site "Madrid"]
[Date "2010.10.15"]
[Round "7"]
[White "Cerrato Torrijos, Maria"]
[Black "Sierra Soria, Maria"]
[Result "1-0"]
[WhiteElo "2055"]
[BlackElo "1743"]
[PlyCount "55"]
[EventDate "2010.10.09"]
[EventType "swiss"]
[EventRounds "9"]
[EventCountry "ESP"]
[SourceTitle "CBM 138 Extra"]
[Source "ChessBase"]
[SourceDate "2010.10.29"]
[SourceVersion "1"]
[SourceVersionDate "2010.10.29"]
[SourceQuality "1"]

1. e4 c5 2. Nc3 d6 3. Nf3 a6 4. d4 cxd4 5. Nxd4 Nf6 6. h3 e5 7. Nde2 Be6 8. g4 Be7 9. Bg2 Nc6 10. Be3 0-0 11. 0-0 Rc8 12. Nd5 Bxd5 13. exd5 Na5 14. b3 b5 15. Ng3 Nd7 16. Qd2 g6 17. a4 Nb7 18. axb5 axb5 19. Qe2 b4 20. Qb5 Nbc5 21. Qxb4 Ra8 22. Qb5 Qc7 23. Qc6 Qxc6 24. dxc6 Nb6 25. b4 Nca4 26. c7 Rac8 27. Bc6 f5 28. Bh6 1-0

[Event "Madrid Oliver Gonzalez Memorial 1st"]
[Site "Madrid"]
[Date "2010.10.14"]
[Round "6"]
[White "Sierra Soria, Maria"]
[Black "Alvarez Escudero, Manuel"]
[Result "1/2-1/2"]
[WhiteElo "1743"]
[BlackElo "1884"]
[PlyCount "100"]
[EventDate "2010.10.09"]
[EventType "swiss"]
[EventRounds "9"]
[EventCountry "ESP"]
[SourceTitle "CBM 138 Extra"]
[Source "ChessBase"]
[SourceDate "2010.10.29"]
[SourceVersion "1"]
[SourceVersionDate "2010.10.29"]
[SourceQuality "1"]

1. e4 e5 2. Nf3 Nc6 3. Bb5 d6 4. d4 exd4 5. Qxd4 Bd7 6. Bxc6 Bxc6 7. Nc3 Nf6 8. Bg5 Be7 9. 0-0-0 0-0 10. Rhe1 Nd7 11. Bxe7 Qxe7 12. Nd5 Qd8 13. Kb1 Re8 14. h4 Ne5 15. Nxe5 dxe5 16. Qc4 Bxd5 17. exd5 Qd6 18. Rd3 Rad8 19. Qa4 a6 20. f4 b5 21. Qe4 f6 22. f5 Re7 23. g4 Qc5 24. Rd2 Red7 25. Red1 a5 26. Qd3 Rd6 27. g5 c6 28. gxf6 Rxf6 29. Qe4 cxd5 30. Qxe5 Qd6 31. Qxd5+ Qxd5 32. Rxd5 Rxd5 33. Rxd5 g6 34. Kc1 Rxf5 35. Rxf5 gxf5 36. Kd2 Kf7 37. Ke3 Ke6 38. Kf4 h5 39. c3 a4 40. b3 a3 41. c4 bxc4 42. bxc4 Kd6 43. Kxf5 Kc5 44. Kg5 Kxc4 45. Kxh5 Kc3 46. Kg6 Kb2 47. h5 Kxa2 48. h6 Kb1 49. h7 a2 50. h8Q a1Q 1/2-1/2

[Event "Almansa op-B 5th"]
[Site "Almansa"]
[Date "2010.08.09"]
[Round "1.8"]
[White "Sierra Soria, Maria"]
[Black "Remolar Gallen, Jose"]
[Result "0-1"]
[WhiteElo "1713"]
[BlackElo "1983"]
[PlyCount "44"]
[EventDate "2010.08.09"]
[EventType "swiss"]
[EventRounds "9"]
[EventCountry "ESP"]
[SourceTitle "EXT 2024"]
[Source "ChessBase"]
[SourceDate "2023.10.10"]
[SourceVersion "1"]
[SourceVersionDate "2023.10.10"]
[SourceQuality "1"]

1. c4 c5 2. Nc3 g6 3. Nf3 Bg7 4. g3 Nc6 5. Bg2 d6 6. 0-0 e5 7. d3 Nge7 8. a3 0-0 9. Qc2 h6 10. Rb1 a5 11. h3 Be6 12. e3 f5 13. Nd2 f4 14. exf4 exf4 15. Nf3 g5 16. gxf4 gxf4 17. Qe2 Qd7 18. Kh2 Rae8 19. Ng1 Nd4 20. Qh5 Rf5 21. Qh4 f3 22. Nxf3 Nxf3+ 0-1

[Event "Madrid Low cost Cup"]
[Site "Madrid"]
[Date "2009.08.12"]
[Round "7"]
[White "Fernandez Gil, Ruben Carlos"]
[Black "Sierra Soria, Maria"]
[Result "0-1"]
[WhiteElo "1596"]
[BlackElo "1776"]
[PlyCount "98"]
[EventDate "2009.08.03"]
[EventType "swiss"]
[EventRounds "8"]
[EventCountry "ESP"]
[SourceTitle "CBM 131 Extra"]
[Source "ChessBase"]
[SourceDate "2009.09.03"]
[SourceVersion "2"]
[SourceVersionDate "2009.09.16"]
[SourceQuality "1"]

1. d4 d5 2. c4 dxc4 3. e4 e5 4. d5 Bc5 5. Nf3 Nd7 6. Bxc4 h6 7. Nc3 Ngf6 8. 0-0 0-0 9. Qd3 Qe7 10. Nh4 Nb6 11. Nf3 Bg4 12. Bb3 Rad8 13. h3 Bh5 14. Nh4 Nh7 15. Nf5 Qf6 16. Qg3 Bg6 17. Nh4 Kh8 18. Nxg6+ fxg6 19. Be3 Nd7 20. Ba4 Bxe3 21. Qxe3 a6 22. Bxd7 Rxd7 23. Rac1 c6 24. dxc6 Qxc6 25. Nd5 Qb5 26. Qc3 Rdf7 27. Qxe5 Ng5 28. f4 Re8 29. Qc3 Nxe4 30. Qb3 Qxb3 31. axb3 Nd2 32. Rfd1 Nxb3 33. Rc3 Na5 34. Rg3 Rd8 35. Nc3 Rxd1+ 36. Nxd1 Rxf4 37. Rxg6 Rd4 38. Ne3 Nc6 39. Nf5 Rd7 40. Kh2 Kh7 41. Re6 Rd2 42. Nd6 Nd8 43. Nc4 Rxg2+ 44. Kxg2 Nxe6 45. b4 Nf4+ 46. Kg3 Nd3 47. b5 axb5 48. Nd6 b4 49. Nxb7 b3 0-1

[Event "Madrid Low cost Cup"]
[Site "Madrid"]
[Date "2009.08.03"]
[Round "1"]
[White "Sierra Soria, Maria"]
[Black "Garcia Amodia, Daniel"]
[Result "0-1"]
[WhiteElo "1776"]
[BlackElo "1976"]
[PlyCount "92"]
[EventDate "2009.08.03"]
[EventType "swiss"]
[EventRounds "8"]
[EventCountry "ESP"]
[SourceTitle "CBM 131 Extra"]
[Source "ChessBase"]
[SourceDate "2009.09.03"]
[SourceVersion "2"]
[SourceVersionDate "2009.09.16"]
[SourceQuality "1"]

1. c4 Nf6 2. Nf3 g6 3. d4 Bg7 4. Nc3 0-0 5. e4 d6 6. g3 c6 7. Bg2 e5 8. 0-0 Qc7 9. Rb1 a5 10. a3 Be6 11. Qe2 Bg4 12. dxe5 dxe5 13. Be3 Nbd7 14. Rfd1 Rfd8 15. h3 Bxf3 16. Bxf3 Nb6 17. Rbc1 Rxd1+ 18. Rxd1 Rd8 19. b3 Bf8 20. Qb2 Rxd1+ 21. Nxd1 Nfd7 22. Bd2 a4 23. Ne3 axb3 24. Qxb3 Nc5 25. Qb1 Nbd7 26. Bb4 Ne6 27. Qd1 Nd4 28. Bg2 Qb6 29. Bxf8 Nxf8 30. Ng4 Nd7 31. Nh2 Qc5 32. Qa4 Qb6 33. Qb4 c5 34. Qxb6 Nxb6 35. Bf1 Nc2 36. Nf3 f6 37. Nd2 Nxa3 38. Bd3 Na4 39. Kf1 Nb2 40. Ke2 Kf7 41. g4 g5 42. f3 Kg6 43. Nb3 b6 44. Kd2 Nbxc4+ 45. Kc3 Nd6 46. Kb2 Nac4+ 0-1

[Event "San Sebastian Constitucion op 10th"]
[Site "San Sebastian"]
[Date "2008.12.05"]
[Round "6"]
[White "Esquivias Gomez, Francisco Javier"]
[Black "Sierra Soria, Maria"]
[Result "1-0"]
[WhiteElo "2048"]
[BlackElo "1718"]
[PlyCount "71"]
[EventDate "2008.11.30"]
[EventType "swiss"]
[EventRounds "9"]
[EventCountry "ESP"]
[SourceTitle "CBM 127 Extra"]
[Source "ChessBase"]
[SourceDate "2009.01.08"]
[SourceVersion "2"]
[SourceVersionDate "2009.01.28"]
[SourceQuality "1"]

1. e4 e5 2. d4 exd4 3. Nf3 d6 4. Nxd4 Nf6 5. Nc3 Be7 6. Bc4 Nbd7 7. Nf5 0-0 8. 0-0 Nc5 9. Nxe7+ Qxe7 10. Nd5 Nxd5 11. exd5 Qf6 12. c3 a6 13. Be3 Nd7 14. Bd4 Qf5 15. Re1 Ne5 16. Bb3 f6 17. Re3 Qg6 18. f4 Bg4 19. Qf1 Nd7 20. h3 Bf5 21. g4 Rae8 22. Re6 h5 23. g5 Kh8 24. h4 c5 25. dxc6 Bxe6 26. Bxe6 Rxe6 27. f5 Qf7 28. fxe6 Qxe6 29. cxd7 Qxd7 30. Re1 Qg4+ 31. Qg2 Qxh4 32. Re7 Qf4 33. gxf6 Qc1+ 34. Kh2 Qf4+ 35. Kh1 Qc1+ 36. Bg1 1-0

[Event "Parla 25 Jubilee op"]
[Site "Parla"]
[Date "2008.09.11"]
[Round "6"]
[White "Sierra Soria, Maria"]
[Black "Coleto Calderon, Jose Antonio"]
[Result "0-1"]
[WhiteElo "1708"]
[BlackElo "2122"]
[PlyCount "54"]
[EventDate "2008.09.06"]
[EventType "swiss"]
[EventRounds "9"]
[EventCountry "ESP"]
[SourceTitle "CBM 126 Extra"]
[Source "ChessBase"]
[SourceDate "2008.11.05"]
[SourceVersion "1"]
[SourceVersionDate "2008.11.05"]
[SourceQuality "1"]

1. c4 e5 2. Nc3 f5 3. Nf3 d6 4. d4 e4 5. Ng5 Be7 6. Nh3 Be6 7. e3 c6 8. Nf4 Bf7 9. Be2 Nf6 10. 0-0 Nbd7 11. b3 0-0 12. Bb2 Re8 13. Re1 Nf8 14. Bf1 Ng6 15. Nce2 Nh4 16. Ng3 Qd7 17. Qd2 d5 18. Rac1 Bd6 19. cxd5 cxd5 20. Qa5 Qe7 21. Red1 g5 22. Nh3 f4 23. exf4 gxf4 24. Ne2 Nh5 25. Qd2 Qf6 26. Ra1 Be6 27. g3 Nf3+ 0-1

[Event "Parla 25 Jubilee op"]
[Site "Parla"]
[Date "2008.09.10"]
[Round "5"]
[White "Vazquez Torres, Adrian"]
[Black "Sierra Soria, Maria"]
[Result "0-1"]
[WhiteElo "1981"]
[BlackElo "1708"]
[PlyCount "68"]
[EventDate "2008.09.06"]
[EventType "swiss"]
[EventRounds "9"]
[EventCountry "ESP"]
[SourceTitle "CBM 126 Extra"]
[Source "ChessBase"]
[SourceDate "2008.11.05"]
[SourceVersion "1"]
[SourceVersionDate "2008.11.05"]
[SourceQuality "1"]

1. e4 e5 2. Nf3 Nf6 3. d4 Nxe4 4. Bd3 d5 5. Nxe5 Nd7 6. Nxd7 Bxd7 7. 0-0 Be7 8. c4 Nf6 9. Bg5 dxc4 10. Bxf6 Bxf6 11. Re1+ Be6 12. Bxc4 0-0 13. d5 Bxd5 14. Bxd5 Bxb2 15. Na3 Bxa1 16. Qf3 Bf6 17. Bxb7 Rb8 18. Nc4 Re8 19. Rd1 Qe7 20. Ne3 Bg5 21. Bc6 Red8 22. Nd5 Qd6 23. Re1 Qe5 24. Qd1 Qd6 25. Qf3 Rb2 26. Nc3 Bd2 27. Rf1 Rc2 28. Nd5 Rxc6 29. Ne7+ Qxe7 30. Qxc6 h6 31. g3 Ba5 32. Qc4 Bb6 33. Qc3 Qe2 34. Qb3 Rd2 0-1

[Event "Parla 25 Jubilee op"]
[Site "Parla"]
[Date "2008.09.06"]
[Round "1"]
[White "Sierra Soria, Maria"]
[Black "Lopez Andujar Ocana, Antonio"]
[Result "0-1"]
[WhiteElo "1708"]
[BlackElo "2138"]
[PlyCount "38"]
[EventDate "2008.09.06"]
[EventType "swiss"]
[EventRounds "9"]
[EventCountry "ESP"]
[SourceTitle "CBM 126 Extra"]
[Source "ChessBase"]
[SourceDate "2008.11.05"]
[SourceVersion "1"]
[SourceVersionDate "2008.11.05"]
[SourceQuality "1"]

1. c4 Nf6 2. Nf3 c5 3. Nc3 d5 4. d4 cxd4 5. Nxd4 e5 6. Nf3 d4 7. Nb1 Nc6 8. Bg5 e4 9. Nfd2 Qa5 10. Bxf6 gxf6 11. Qb3 Bb4 12. Qg3 Bf5 13. Qf4 0-0-0 14. g3 e3 15. fxe3 dxe3 16. Qxe3 Nd4 17. Qf4 Nc2+ 18. Kf2 Nxa1 19. Nf3 Nc2 0-1